000 00371nam a22001217a 4500
999 _c2389
_d2389
005 20200914143220.0
008 200914b ||||| |||| 00| 0 eng d
020 _a0905118367
040 _cCML
245 _aThe International Who's who 1979-80.
260 _aLondon
_bEuropa Publications Limited
_c1979
942 _2ddc
_cBK
_e40th Edition
_h20.0205
_kR
_mINT